000 00500nam a2200193Ia 4500
003 GCL
008 140319s9999 xx 000 0 eng d
040 _aGCL /
_cGCL
082 0 4 _aCC
_b939.4
_bW C
100 1 _aWHITEBORNE, JOHN
245 1 0 _aCLEOPATRAS /
_cWHITEBORNE, JOHN
260 _a[S.N] :
_bROUTLEDGE ،
_c1994
300 _a213 P
650 0 4 _aQUEENS - MIDDLE EAST - BIOGRAPHY
650 0 4 _aHISTORY
650 0 4 _aQUEENS
650 0 4 _aMACEDONIA - HISTORY - CLEOPATRA
942 _2ddc
_cBK
999 _c13634
_d13634